Modern electric hybrid electric, and fuel cell vehicles : Fundamentals, theory, and design

Đã lưu trong:
Sonraí Bibleagrafaíochta
Formáid: Leabhar
Teanga:Undetermined
Foilsithe: London CRC Press 2005
Ábhair:
Clibeanna: Cuir Clib Leis
Gan Chlibeanna, Bí ar an gcéad duine leis an taifead seo a chlibeáil!
Thư viện lưu trữ: Trung tâm Học liệu Trường Đại học Cần Thơ
LEADER 00569nam a2200193Ia 4500
001 CTU_93382
008 210402s9999 xx 000 0 und d
020 |c 2249000 
082 |a 629.2293 
082 |b M689 
245 0 |a Modern electric hybrid electric, and fuel cell vehicles : 
245 0 |b Fundamentals, theory, and design 
245 0 |c Mehrded Ehsani ... [et al.] 
260 |a London 
260 |b CRC Press 
260 |c 2005 
650 |a Hybrid electric vehicles,Fuel cells 
904 |i Tuyến 
980 |a Trung tâm Học liệu Trường Đại học Cần Thơ